000
00329 a2200157 4500
001
192173
020
_a
978-85-260-1160-1
040
_c
Magnum
100
_a
Lima, Edy
240
1
0
_a
A vaca voadora
_l
por
245
1
0
_a
A vaca voadora
300
_a
107
362
0
_a
2007
697
_a
LITERATURA INFANTO-JUVENIL
942
_c
BK
999
_c
192173
_d
192173